Southampton most expensive sales - Statistics

General Stats
  • This quiz has been taken 72 times
  • The average score is 8 of 10
Answer Stats
Sold to Season Price (€) Player % Correct
Liverpool 17/18 84.65 million Virgil van Dijk
98%
Chelsea 23/24 62.1 million Roméo Lavia
93%
Liverpool 16/17 41.2 million Sadio Mané
93%
Liverpool 14/15 31 million Adam Lallana
88%
Manchester United 14/15 37.5 million Luke Shaw
82%
West Ham United 23/24 34.8 million James Ward-Prowse
77%
Newcastle United 23/24 37.2 million Tino Livramento
73%
Manchester United 15/16 35 million Morgan Schneiderlin
72%
Aston Villa 21/22 29.4 million Danny Ings
68%
Liverpool 14/15 25.3 million Dejan Lovren
58%
No matching quizzes found
Score Distribution
Percent of People with Each Score
Percentile by Number Answered
Your Score History
You have not taken this quiz